[Вып.] 3 : Труды Всесоюзного семинара по электрохимии марганца: сборник работ, выполненных под руководством академика АН ГССР Р. И. Агладзе; Электрохимия марганца

Bibliografiske detaljer
Parent link:Электрохимия марганца: [сборник статей]/ Академия наук Грузинской ССР (АН ГрузССР), Институт неорганической химии и электрохимии, Отдел электрохимии и электрометаллургии ; Грузинский государственный политехнический институт им. В. И. Ленина, Кафедра технологии электрохимических производств, Проблемная лаборатория сверхчистого марганца и марганцевых соединений. [Вып.] 3 : Труды Всесоюзного семинара по электрохимии марганца.— , 1957-
Institution som forfatter: Электрохимия марганца (570)
Andre forfattere: Агладзе Р. И. (научный руководитель), Гофман Н. Т. (редактор)
Sprog:russisk
Udgivet: 1967
Fag:
Format: Bog
KOHA link:https://koha.lib.tpu.ru/cgi-bin/koha/opac-detail.pl?biblionumber=333771

MARC

LEADER 00000nam2a2200000 4500
001 333771
005 20231102004605.0
035 |a (RuTPU)RU\TPU\book\359784 
035 |a RU\TPU\book\359783 
090 |a 333771 
100 |a 20170623d1967 k y0rusy50 ca 
101 0 |a rus 
102 |a GE 
105 |a a z 101zy 
200 0 |a [Вып.] 3 : Труды Всесоюзного семинара по электрохимии марганца  |e сборник работ, выполненных под руководством академика АН ГССР Р. И. Агладзе  |f науч. рук. Р. И. Агладзе ; под ред. Н. Т. Гофмана 
210 |d 1967 
215 |a 464 с.  |c ил. 
320 |a Библиогр. в конце ст. 
461 1 |0 (RuTPU)RU\TPU\book\140122  |t Электрохимия марганца  |o [сборник статей]  |f Академия наук Грузинской ССР (АН ГрузССР), Институт неорганической химии и электрохимии, Отдел электрохимии и электрометаллургии ; Грузинский государственный политехнический институт им. В. И. Ленина, Кафедра технологии электрохимических производств, Проблемная лаборатория сверхчистого марганца и марганцевых соединений  |v [Вып.] 3 : Труды Всесоюзного семинара по электрохимии марганца  |d 1957-  
606 1 |a Марганец  |x Электрохимия  |2 stltpush  |3 (RuTPU)RU\TPU\subj\75702  |9 87362 
610 1 |a катодные процессы 
610 1 |a металлический марганец 
610 1 |a электролитическое получение 
610 1 |a марганцевые сплавы 
610 1 |a радиационные процессы 
610 1 |a соединения 
610 1 |a перманганат 
610 1 |a манганаты 
610 1 |a двуокись марганца 
610 1 |a электродные процессы 
610 1 |a водные среды 
610 1 |a расплавленные среды 
675 |a 546.71(063)  |v 3 
702 1 |a Агладзе  |b Р. И.  |4 727 
702 1 |a Гофман  |b Н. Т.  |4 340 
712 1 2 |a Электрохимия марганца  |c Всесоюзный семинар  |e Тбилисси  |f 1964  |4 570 
801 1 |a RU  |b 63413507  |c 20140519 
801 2 |a RU  |b 63413507  |c 20180125  |g RCR 
942 |c BK